000 00794cam a22002055a 4500
001 L157277
008 121009m17901800xxk f 000 0 eng d
035 _a(Sirsi) u157277
041 0 _aeng
110 2 _aNichols, John
_d1745-1826
245 0 0 _aBibliotheca topographica Britannica
260 _aLondon
_bPrinted by and for John Nichols
_c[1790-1800]
300 _a11 v.
_bplates, tables, maps, ports
_c28 cm.
520 _aA letter has been inserted at the front of vol. 1 from James Bain, dated 28 November 1906. The letter confirms that the 11 volumes have been collated by Lowndes and are complete.
520 _aIncludes supplement.
583 _aCondition reviewed
_c20120620
_lcondition level 4 (x3) 1 (x8)
651 4 _aGreat Britain
_y1707-
690 _aRural
_96268
942 _n0
999 _c114696
_d114696